Dlhodobí investori do inovačných udíc

Sila severských krajín vo vede, výskume a inováciách. Prípad Fínska - z dna k Nokii. Vynálezcovia odvetví. Cleantech Finland. Švédske inovátorstvo. Podpora IT vedy.

Salvato in:
Dettagli Bibliografici
Autore principale: Jesný, Martin
Natura: Capitolo di libro
Lingua:slovacco
Soggetti:
Tags: Aggiungi Tag
Nessun Tag, puoi essere il primo ad aggiungerne!!

MARC

LEADER 00000naa a2200000 4500
001 0193809
005 20231113101939.1
041 0 |a slo 
044 |a SK 
245 1 0 |a Dlhodobí investori do inovačných udíc  |c Martin Jesný 
520 |a Sila severských krajín vo vede, výskume a inováciách. Prípad Fínska - z dna k Nokii. Vynálezcovia odvetví. Cleantech Finland. Švédske inovátorstvo. Podpora IT vedy. 
610 2 0 |a inovácia 
610 2 0 |a výskum 
610 2 0 |a veda 
610 2 0 |a technológie informačné 
610 2 0 |a technológie komunikačné 
610 2 0 |a Škandinávia 
610 2 0 |a Fínsko 
610 2 0 |a Švédsko 
100 1 |a Jesný, Martin